Tārīkh Karbalāʼ. (Record no. 50080)
[ view plain ]
| 000 -LEADER | |
|---|---|
| fixed length control field | 00585cam a22002291 4500 |
| 001 - CONTROL NUMBER | |
| control field | ne 68000550 |
| 003 - CONTROL NUMBER IDENTIFIER | |
| control field | DLC |
| 005 - DATE AND TIME OF LATEST TRANSACTION | |
| control field | 20260227111838.0 |
| 008 - FIXED-LENGTH DATA ELEMENTS--GENERAL INFORMATION | |
| fixed length control field | 890401s1967 xx acf 000 0 ara |
| 010 ## - LIBRARY OF CONGRESS CONTROL NUMBER | |
| LC control number | ne 68000550 |
| 035 ## - SYSTEM CONTROL NUMBER | |
| System control number | (OCoLC)23514118 |
| 040 ## - CATALOGING SOURCE | |
| Original cataloging agency | DLC |
| Transcribing agency | MiU |
| Modifying agency | DLC |
| 042 ## - AUTHENTICATION CODE | |
| Authentication code | premarc |
| 043 ## - GEOGRAPHIC AREA CODE | |
| Geographic area code | a-iq--- |
| 050 00 - LIBRARY OF CONGRESS CALL NUMBER | |
| Classification number | DS79.9.K3 |
| Item number | T79 1967 |
| 100 1# - MAIN ENTRY--PERSONAL NAME | |
| Personal name | Kalīdār, ʻAbd al-Jawād, |
| Dates associated with a name | 1890-1959. |
| 245 10 - TITLE STATEMENT | |
| Title | Tārīkh Karbalāʼ. |
| 260 ## - PUBLICATION, DISTRIBUTION, ETC. | |
| Date of publication, distribution, etc. | 1967. |
| 300 ## - PHYSICAL DESCRIPTION | |
| Extent | 303 p. |
| Other physical details | 1 illus., plates, port. |
| Dimensions | 25 cm. |
| 500 ## - GENERAL NOTE | |
| General note | Romanized. |
| 651 #0 - SUBJECT ADDED ENTRY--GEOGRAPHIC NAME | |
| Geographic name | Karbalāʼ (Iraq) |
No items available.